000 00386nam a2200157Ia 4500
008 230711s9999||||xx |||||||||||||| ||und||
041 _aENG
082 _a624
_bHE-C
100 _aHedden Robert P
245 0 _aCost engineering in printed circuit
250 _a3rd Ed.
260 _c1987
_aNew York
_bMere Hurst London
300 _a228
650 _aElectrical Engineering
942 _cBK
999 _c779
_d779